00365nam a22001457a 4500003000400000005001700004008004100021020001800062040000700080082001100087100001900098245007400117260002000191300000800211OSt20220110160427.0220110b |||||||| |||| 00| 0 eng d a9780262017626 cHU a303.61 aBock G. Joseph aThe Technology Of Nonviolence : social media And Violence Prevention aLondonbEngland f288